| 000 | 00586nam a2200193 a 4500 | ||
|---|---|---|---|
| 001 | 000011104 | ||
| 005 | 20240412074223.0 | ||
| 008 | 091014s1997 dr 000 p spa d | ||
| 040 |
_aDO-SdBNP _bspa _cBNPHU |
||
| 082 |
_aRD861.44 _bS237o |
||
| 100 | 1 |
_aSanto Domingo, Rafael _926606 |
|
| 245 | 1 | 0 |
_aÓsculos de miel / _cRafael Santo Domingo. |
| 260 |
_aSanto Domingo : _bLozano, _c1997. |
||
| 300 |
_a73 p. : ; _c21 cm. |
||
| 590 | _aInventariado, 2019 / DG | ||
| 650 | 0 |
_aPoesía dominicana _966 |
|
| 650 | 0 |
_aLiteratura dominicana. _967 |
|
| 910 | _aValidado. Control de calidad BNPHU | ||
| 999 |
_c10829 _d10829 |
||